Statistics for Ethiopian Airlines Destinations-Addis-Ababa

Click here to take the quiz!

General Stats

  • This quiz has been taken 34 times
  • The average score is 81 of 116

Answer Stats

Country Airport % Correct
South AfricaJohannesburg
100%
ItalyRome
96%
LebanonBeirut
96%
IndiaMumbai
96%
SingaporeSingapore
96%
Saudi ArabiaRiyadh
96%
QatarDoha
96%
NigeriaLagos
96%
MalaysiaKuala Lumpur
96%
KenyaNairobi
96%
SpainMadrid
96%
JapanTokyo-Narita
96%
ArgentinaBuenos Aires
96%
ItalyMilan
96%
IsraelTel Aviv
96%
GermanyFrankfurt
96%
IrelandDublin
96%
Hong KongHong Kong
96%
South KoreaSeoul
96%
South AfricaCape Town
96%
IndiaDelhi
96%
TurkeyIstanbul
96%
SwitzerlandGeneva
96%
AustriaVienna
96%
CanadaToronto
96%
ChinaBeijing
96%
BelgiumBrussels
96%
ChinaShanghai
96%
UKLondon-Heathrow
96%
UAEDubai
96%
BrazilSao Paulo
96%
UKManchester
96%
KuwaitKuwait City
92%
USAChicago
92%
PhilippinesManila
92%
RussiaMoscow-Domodedovo
92%
ThailandBangkok
92%
IndonesiaJakarta
92%
EgyptCairo
92%
MadagascarAntananarivo
92%
USAWashington
88%
SudanKhartoum
88%
SwedenStockholm
88%
OmanMuscat
88%
ChinaGuangzhou
88%
SomaliaMogadishu
88%
DjiboutiDjibouti
88%
NorwayOslo
88%
NamibiaWindhoek
84%
Saudi ArabiaJeddah
84%
SenegalDakar
84%
ZimbabweHarare
84%
TanzaniaDar-es-Salaam
84%
AngolaLuanda
84%
D.R.CongoKinshasa
84%
GhanaAccra
84%
CongoBrazzaville
84%
BahrainBahrain
84%
BotswanaGaborone
84%
MozambiqueMaputo
80%
RwandaKigali
80%
NigeriaAbuja
80%
TogoLome
80%
Ivory CoastAbidjan
80%
FranceParis
80%
SeychellesVictoria
80%
ZambiaLusaka
76%
BurundiBujumbura
76%
MalawiLilongwe
76%
CameroonYaounde
76%
TanzaniaZanzibar
76%
GuineaConakry
76%
South SudanJuba
72%
UgandaEntebbe
72%
ChinaChengdu
72%
EritreaAsmara
72%
MaliBamako
72%
NigeriaKano
68%
ComorosMoroni
68%
GabonLibreville
68%
KenyaMombasa
68%
BeninCotonou
64%
CameroonDouala
64%
Equatorial GuineaMalabo
64%
Saudi ArabiaDammam
60%
USANewark ( will be replaced by JFK )
56%
D.R.CongoLubumbashi
56%
TanzaniaKilimanjaro
52%
CongoPointe Noire
40%
MalawiBlantyre
40%
SomaliaHargeisa
40%
ZimbabweVictoria Falls
36%
EthiopiaGondar
36%
EthiopiaDire Dawa
36%
D.R.CongoKisangani
32%
MadagascarNosy Be
32%
ZambiaNdola
28%
D.R.CongoGoma
28%
EthiopiaMekele
24%
EthiopiaLalibela
24%
EthiopiaAxum
20%
EthiopiaBahir Dar
20%
EthiopiaJijiga
16%
EthiopiaArba Minch
16%
EthiopiaAsosa
12%
EthiopiaJimma
12%
NigeriaEnugu
12%
EthiopiaHumera
8%
EthiopiaGode
8%
EthiopiaJinka
8%
EthiopiaKabri Dar
8%
EthiopiaGambela
8%
EthiopiaDessie
8%
EthiopiaSemera
8%
EthiopiaAwasa
8%
EthiopiaShire
8%

Score Distribution

Percentile by Number Answered

Percent of People with Each Score

Your Score History

You have not taken this quiz